Américains célèbres par images (partie 3) - Statistiques

Statistiques générales
  • Ce quiz a été pris 267 fois
  • Le résultat moyen est 10 sur 16
Statistiques - réponses
Par images Réponse % Correct
Albert Einstein
99%
Louis Armstrong
81%
Madonna
78%
Bill Clinton
77%
Mike Tyson
76%
Morgan Freeman
76%
Lebron James
75%
Mariah Carey
74%
Tom Hanks
74%
Steven Spielberg
66%
Richard Nixon
56%
Nikola Tesla
43%
Dwight D. Eisenhower
40%
Jimmy Carter
32%
Thomas Jefferson
23%
Alexander Graham Bell
4%
Aucun quiz correspondant
Distribution des résultats
% des personnes avec chaque résultat
Percentile par nombre de réponses
Votre historique - résultats
Vous n’avez pas pris ce quiz